Available copies
- 1 of 2 copies available at LARL/NWRL Consortium.
Current holds
1 current hold with 2 total copies.
View other formats and editions
Show Only Available Copies
| Location | Call Number / Copy Notes | Barcode | Shelving Location | Status | Due Date |
|---|---|---|---|---|---|
| Godel Memorial-Warren Library | COP (Text) | 35500002755948 | Main | In transit | - |
| Karlstad LINK Site | COP (Text) | 35500003741137 | Main | Available | - |
Record details
- ISBN: 0842302697 (softcover)
- Physical Description: xvii, 284 p. ; 21 cm.
- Publisher: Wheaton, Ill. : Tyndale House Publishers, c1999.
Search for related items by subject
| Subject: | Mail order brides > Fiction. Kidnapping > Kentucky > Fiction. |
| Genre: | Historical fiction. Western stories. Christian fiction. |
Search for related items by series
| LDR | 01054cam a2200301Ia 4500 | ||
|---|---|---|---|
| 001 | 27197 | ||
| 003 | LARL_NWRL_CONSORTIUM | ||
| 005 | 19991202100313.0 | ||
| 008 | 990521s1999 ilu 000 1 eng | ||
| 020 | . | ‡a0842302697 (softcover) | |
| 035 | . | ‡a(OCoLC)41468862 | |
| 082 | 0 | 0. | ‡a813/.54 ‡221 |
| 099 | . | ‡aCop | |
| 100 | 1 | . | ‡aCopeland, Lori. ‡0(LARL_NWRL_CONSORTIUM)104035 |
| 245 | 1 | 0. | ‡aHope ‡n#3/ ‡cLori Copeland. |
| 260 | . | ‡aWheaton, Ill. : ‡bTyndale House Publishers, ‡cc1999. | |
| 300 | . | ‡axvii, 284 p. ; ‡c21 cm. | |
| 490 | 0 | . | ‡aBrides of the West 1872 ; ‡v3 |
| 650 | 0. | ‡aMail order brides ‡vFiction. ‡0(LARL_NWRL_CONSORTIUM)166001 | |
| 650 | 0. | ‡aKidnapping ‡zKentucky ‡vFiction. | |
| 655 | 7. | ‡aHistorical fiction. ‡2gsafd | |
| 655 | 7. | ‡aWestern stories. ‡2gsafd | |
| 655 | 0. | ‡aChristian fiction. | |
| 901 | . | ‡a27197 ‡bOCLC ‡c27197 ‡tbiblio | |

Add to basket
Permalink
Disable Highlighting